ბათუმის შოთა რუსთაველის სახელმწიფო უნივერსიტეტის ბიბლიოთეკა

სუბტროპიკული კულტურები. (ბიბ.ჩანაწერი № 44709)

000 -LEADER
fixed length control field 01046nam a2200229Ia 4500
001 - CONTROL NUMBER
control field 11514
003 - CONTROL NUMBER IDENTIFIER
control field GE_BSU
008 - FIXED-LENGTH DATA ELEMENTS--GENERAL INFORMATION
fixed length control field 181216s||||||||xx |||||||||||||| ||und||
040 ## - CATALOGING SOURCE
Transcribing agency GE_BSU
080 ## - UNIVERSAL DECIMAL CLASSIFICATION NUMBER
Universal Decimal Classification number 633/635(075.8)
100 ## - MAIN ENTRY--PERSONAL NAME
Personal name ჩხაიძე,გენო.
245 ## - TITLE STATEMENT
Title სუბტროპიკული კულტურები.
245 ## - TITLE STATEMENT
Remainder of title წიგნი 3 ნაწილად;ნაწ. 3; სახელმძღვ. საქ–ს სუბტეროპიკული მეურნ.ინ–ტისა და საქ–ს აგრარული უნ–ტის სტუდენტებისათვის.
245 ## - TITLE STATEMENT
Statement of responsibility, etc. რედ:მიხეილ აბრამიშვილი.
260 ## - PUBLICATION, DISTRIBUTION, ETC.
Place of publication, distribution, etc. თბილისი.
260 ## - PUBLICATION, DISTRIBUTION, ETC.
Name of publisher, distributor, etc. ფარნავაზი.
260 ## - PUBLICATION, DISTRIBUTION, ETC.
Date of publication, distribution, etc. 1996.
300 ## - PHYSICAL DESCRIPTION
Extent 218გვ;19სმ.
300 ## - PHYSICAL DESCRIPTION
Accompanying material საძიებლები გვ.209–216. ილ;ცხრ.
653 ## - INDEX TERM--UNCONTROLLED
Uncontrolled term სუბტროპიკული კულტურები.
942 ## - ADDED ENTRY ELEMENTS (KOHA)
Koha item type წიგნი
ეგზემპლარები
Withdrawn status Lost status Damaged status Not for loan Date acquired Barcode Date last seen Price effective from Koha item type
        2018-12-17 20046 2018-12-17 2018-12-17 წიგნი
        2018-12-17 20047 2018-12-17 2018-12-17 წიგნი
        2018-12-17 20048 2018-12-17 2018-12-17 წიგნი
        2018-12-17 20049 2018-12-17 2018-12-17 წიგნი
        2018-12-17 20050 2018-12-17 2018-12-17 წიგნი
        2018-12-17 20051 2018-12-17 2018-12-17 წიგნი
        2018-12-17 20052 2018-12-17 2018-12-17 წიგნი
        2018-12-17 20053 2018-12-17 2018-12-17 წიგნი
        2018-12-17 20054 2018-12-17 2018-12-17 წიგნი
        2018-12-17 20055 2018-12-17 2018-12-17 წიგნი
        2018-12-17 20056 2018-12-17 2018-12-17 წიგნი
        2018-12-17 20057 2018-12-17 2018-12-17 წიგნი
        2018-12-17 20058 2018-12-17 2018-12-17 წიგნი